01296cam a22003255a 4500001001000000003000400010005001700014008004100031020001800072040004800090082002100138100001700159245014400176250002500320260005800345300004300403500002900446504005300475650004500528650004200573651001000615653002100625655002400646700002900670700005000699700005200749942000800801999001700809952014400826016167938OSt20170424122056.0130501r20152013stka frb 001 0 eng d a9780443069925 aStDuBDSbengcStDuBDSdStEdNLdUkdEG-ScBUE04222a615.321bBON1 aBone, Kerry.10aPrinciples and practice of phytotherapy :bmodern herbal medicine /cKerry Bone, Simon Mills ; forewords by Michael Dixon, Mark Blumenthal. a2nd ed., Reprint ed. aEdinburgh :bChurchill Livingstone / Elsevier,c2015. axxiv, 1051 p. :bill. (col.) ;c29 cm. aReprint of 2013 edition. aIncludes bibliographical references and indexes. 7aMateria medica, Vegetable.2BUEsh939011 7aHerbsxTherapeutic use.2BUEsh939316 2BUEsh bPPhrmcApril2017 vReading book9342321 aMills, Simonq(Simon Y.)1 aDixon, Michael.eauthor of introduction, etc.1 aBlumenthal, Mark,eauthor of introduction, etc. 2ddc c24704d24676 00102ddc40708BaccahaMAINbMAINc1STd2017-04-24ePurchaseg1950.00l0o615.321 BONp000041694r2025-07-15 00:00:00v2438.00yREFERENCE